Normal view
MARC view
- Structural Engineering.
Entry Topical Term
001 - CONTROL NUMBER
- control field: 27385
003 - CONTROL NUMBER IDENTIFIER
- control field: NUST
005 - DATE AND TIME OF LATEST TRANSACTION
- control field: 20200108101752.0
008 - FIXED-LENGTH DATA ELEMENTS
- fixed length control field: 200108|| aca||aabn | a|a d
040 ## - CATALOGING SOURCE
- Original cataloging agency: NUST
- Transcribing agency: NUST
150 ## - HEADING--TOPICAL TERM
- Topical term or geographic name entry element: Structural Engineering.
670 ## - SOURCE DATA FOUND
- Source citation: Work cat.: (NUST): Mahmood, Usman 27384, Study of calcium aluminate cement (cac) based grout systems containing secondary raw materials (srms) /, 2017.
